Evaluación Técnica en Materia de Higiene y Seguridad Ocupacional en Panadería Luna ubicada en la ciudad de Masaya
El estudio propone una norma de higiene y seguridad ocupacional, llevándose a cabo a través del análisis, evaluación y prevención de los riesgos laborales existentes en el área de producción de Panadería Luna. Presenta un plan de acción ante la exposición de riesgos presentes en Panadería...
| Main Authors: | , , |
|---|---|
| Other Authors: | |
| Format: | Tesis Section = Libro |
| Language: | Undetermined Spanish |
| Published: |
Managua
UNI
2015
|
| Subjects: |
| LEADER | 01291nam a2200289Ia 4500 | ||
|---|---|---|---|
| 008 | 240830s9999 xx 000 0 und d | ||
| 040 | |a BIBLIOTECA-RUPAP Mon 658.38 L864 | ||
| 041 | |a spa | ||
| 082 | |a Mon 658.38 L864 | ||
| 100 | 1 | |a López Hernández, Sonia Elizabeth | |
| 100 | 1 | |b Rivera Matus, Jorge Antonio | |
| 100 | 1 | |c Rizo Romero, Lise Arel | |
| 245 | 1 | 0 | |a Evaluación Técnica en Materia de Higiene y Seguridad Ocupacional en Panadería Luna ubicada en la ciudad de Masaya |
| 260 | |a Managua |b UNI |c 2015 | ||
| 300 | |a 167 p. :il. | ||
| 500 | |a Contiene: anexos y: CD. | ||
| 502 | |a Tesis (Ingeniero Industrial)- UNI, 2015. | ||
| 520 | 3 | |a El estudio propone una norma de higiene y seguridad ocupacional, llevándose a cabo a través del análisis, evaluación y prevención de los riesgos laborales existentes en el área de producción de Panadería Luna. Presenta un plan de acción ante la exposición de riesgos presentes en Panadería Luna. | |
| 650 | 7 | |a HIGIENE Y SEGURIDAD OCUPACIONAL | |
| 650 | 7 | |b EVALUACION Y CONTROL DE RIESGOS LABORALES | |
| 650 | 7 | |c ACCIDENTES DE TRABAJO | |
| 650 | 7 | |d HIGIENE LABORAL | |
| 650 | 7 | |e MAPAS DE RIESGOS LABORALES | |
| 700 | 1 | |a Tutor: |b Ruiz Sánchez, Maynor Alberto | |
| 942 | |c BK |2 ddc | ||
| 991 | |a TESIS | ||
| 999 | |c 17133 | ||